Cristiano Ronaldo Quiz - Statistics

General Stats
  • This quiz has been taken 469 times
  • The average score is 9 of 10
Answer Stats
Question Answer % Correct
What number does Cristiano Ronaldo wear for club and country? 7
100%
Which English club did Ronaldo join in 2003? Manchester United
98%
How many times has Ronaldo won the Ballon d'or? 5
96%
Which player is often compared to Cristiano Ronaldo? Lionel Messi
96%
(TRUE OR FALSE) Ronaldo scored over 300 goals for Real Madrid. True
91%
Which football boot brand does Ronaldo wear? Nike
89%
Which club did Ronaldo join in Saudi Arabia? Al Nassr
88%
Which month was Cristiano Ronaldo born? February
85%
What is the name of the celebration which Ronaldo often uses when he scores? Siu
69%
Which club did Ronaldo make his first senior appearance for? Sporting Lisbon
45%
No matching quizzes found
Score Distribution
Percent of People with Each Score
Percentile by Number Answered
Your Score History
You have not taken this quiz